Statistics for Most Expensive Transfers German Bundesliga Soccer/Football

Click here to take the quiz!

General Stats

  • This quiz has been taken 2,304 times
    (641 since last reset)
  • The average score is 19 of 46

Answer Stats

Year From To Answer % Correct
2013Borussia DortmundBayern München37 mio. €Mario Götze
90%
2016Borussia DortmundBayern München38 mio. €Mats Hummels
89%
2017Olympique LyonBayern München41,5 mio. €Corentin Tolisso
85%
2012Athletic BilbaoBayern München40 mio. €Javi Martinez
84%
2007Olympique MarseilleBayern München25 mio. €Franck Ribery
68%
2015Schachtjor DonezkBayern München30 mio. €Douglas Costa
64%
2011FC Schalke 04Bayern München22 mio. €Manuel Neuer
63%
2016Benfica LissabonBayern München35 mio. €Renato Sanches
62%
2009Real MadridBayern München24 mio. €Arjen Robben
62%
2009VfB StuttgartBayern München30 mio. €Mario Gomez
61%
2016VfL WolfsburgBorussia Dortmund30 mio. €André Schürrle
58%
2013FC BarcelonaBayern München25 mio. €Thiago Alcántara
58%
2015Juventus TurinBayern München37 mio. €Arturo Vidal
58%
2015FC Schalke 04VfL Wolfsburg36 mio. €Julian Draxler
57%
2012Borussia MönchengladbachBorussia Dortmund17,5 mio. €Marco Reus
50%
2016FC BaselFC Schalke 0427,5 mio. €Breel Embolo
49%
2017Juventus TurinBayern München21 mio. €Kingsley Coman
48%
2018TJ QuanjinBorussia Dortmund20 mio. €Axel Witsel
46%
2014AS RomBayern München26 mio. €Mehdi Benatia
39%
2017Dynamo KiewBorussia Dortmund25 mio. €Andrey Yarmolenko
38%
2018OGC NizzaBorussia Mönchengladbach23 mio. €Alassane Pléa
36%
2017TSG Hoffenheim 1899Bayern München20 mio. €Niklas Süle
35%
2018FC BaselBorussia Dortmund21,5 mio. €Manuel Akanji
34%
2018FSV Mainz 05Borussia Dortmund28 mio. €Abdou Diallo
34%
2018Bayern MünchenFC Schalke 0416,5 mio. €Sebastian Rudy
32%
2014FC TurinBorussia Dortmund19,5 mio. €Ciro Immobile
30%
2013Schachtjor DonezkBorussia Dortmund27,5 mio. €Henrikh Mkhitaryan
27%
2018Werder BremenBorussia Dortmund20 mio. €Thomas Delaney
27%
2017River PlateBayer 04 Leverkusen24 mio. €Lucas Alario
26%
2017SC FreiburgBorussia Dortmund20 mio. €Maximilian Philipp
26%
2016TSG Hoffenheim 1899Bayer 04 Leverkusen20 mio. €Kevin Volland
26%
2017Bayer 04 LeverkusenRasenBallsport Leipzig20 mio. €Kevin Kampl
23%
2001AC ParmaBorussia Dortmund25 mio. €Marcio Amoroso
22%
2003Deportivo La CorunaBayern München18,75 mio. €Roy Makaay
20%
2017Borussia DortmundBorussia Mönchengladbach17 mio. €Matthias Ginter
19%
2017Tottenham HotspursFC Schalke 0419 mio. €Nabil Bentaleb
18%
2017Paris St. GermainRasenBallsport Leipzig16 mio. €Jean-Kévin Augustin
17%
2018Vasco da GamaBayer 04 Leverkusen18,5 mio. €Paulinho
17%
2017FSV Mainz 051. FC Köln17 mio. €Jhon Cordoba
16%
2010Juventus TurinVfL Wolfsburg15,5 mio. €Diego
15%
2017Hertha BSC BerlinVfL Wolfsburg17 mio. €John-Anthony Brooks
14%
2017Olympiakos PiräusBayer 04 Leverkusen17,5 mio. €Panagiotsis Retsos
9%
2018HSC MontpellierRasenBallsport Leipzig16 mio. €Nordi Mukiele
9%
2016Dynamo KiewBayer 04 Leverkusen18 mio . €Aleksandar Dragovic
8%

Score Distribution

Percentile by Number Answered

Percent of People with Each Score

Your Score History

You have not taken this quiz since the last reset